000 00711nam a22001577a 4500
003 OSt
005 20150922135141.0
008 150922b xxu||||| |||| 00| 0 eng d
040 _cRUA
082 _aAGR CHA 2006 B034 Or.1
100 _91103
_aCHAN, PHIRUM.
245 _aEffective of nutrient on the growth of wood ear at royal university of agriculture ឥទ្ធិពលនៃសារធាតុបន្ថែមទៅលើការដុះលូតលាស់របស់ផ្សិតត្រចៀកកណ្តុរ នៅសាកលវិទ្យាល័យភូមិន្ធកសិកម្ម
260 _aPhnom Penh
_bRUA
_c2006
300 _a53p.
_bill.
_c29cm.
942 _2ddc
_cAGR
999 _c1057
_d1057